<?xml version="1.0" encoding="UTF-8"?>
<record
    xmlns:xsi="http://www.w3.org/2001/XMLSchema-instance"
    xsi:schemaLocation="http://www.loc.gov/MARC21/slim http://www.loc.gov/standards/marcxml/schema/MARC21slim.xsd"
    xmlns="http://www.loc.gov/MARC21/slim">

  <leader>02324nam a2200373 i 4500</leader>
  <controlfield tag="001">194526</controlfield>
  <controlfield tag="003">SpMaBN</controlfield>
  <controlfield tag="005">20250711063124.0</controlfield>
  <controlfield tag="008">240503s2002    sp |          ||| ||spa  </controlfield>
  <datafield tag="016" ind1="7" ind2=" ">
    <subfield code="a">bimoBNE20030285791</subfield>
    <subfield code="2">SpMaBN</subfield>
  </datafield>
  <datafield tag="017" ind1=" " ind2=" ">
    <subfield code="a">M 49991-2002</subfield>
    <subfield code="b">Oficina Dep&#xF3;sito Legal Madrid</subfield>
  </datafield>
  <datafield tag="020" ind1=" " ind2=" ">
    <subfield code="a">848460229X</subfield>
  </datafield>
  <datafield tag="035" ind1=" " ind2=" ">
    <subfield code="a">(OCoLC)1004306259</subfield>
  </datafield>
  <datafield tag="040" ind1=" " ind2=" ">
    <subfield code="a">SpMaBN</subfield>
    <subfield code="b">spa</subfield>
    <subfield code="c">SpMaBN</subfield>
    <subfield code="e">rdc</subfield>
  </datafield>
  <datafield tag="080" ind1=" " ind2=" ">
    <subfield code="a">821.134.2-14"19"</subfield>
  </datafield>
  <datafield tag="100" ind1="1" ind2=" ">
    <subfield code="a">Sabina, Joaqu&#xED;n, </subfield>
    <subfield code="d">1949-</subfield>
    <subfield code="0">XX951881</subfield>
    <subfield code="9">240757</subfield>
    <subfield code="e">aut</subfield>
  </datafield>
  <datafield tag="245" ind1="1" ind2="0">
    <subfield code="a">Con buena letra / </subfield>
    <subfield code="c">Joaqu&#xED;n Sabina</subfield>
  </datafield>
  <datafield tag="250" ind1=" " ind2=" ">
    <subfield code="a">Primera edici&#xF3;n: octubre  2002</subfield>
    <subfield code="b">Tercera edici&#xF3;n: diciembre 2002</subfield>
  </datafield>
  <datafield tag="260" ind1=" " ind2=" ">
    <subfield code="a">Madrid :</subfield>
    <subfield code="b">Temas de hoy, </subfield>
    <subfield code="c">2002</subfield>
  </datafield>
  <datafield tag="300" ind1=" " ind2=" ">
    <subfield code="a">325 p&#xE1;ginas :</subfield>
    <subfield code="b">il. col. ;</subfield>
    <subfield code="c">22 cm</subfield>
  </datafield>
  <datafield tag="336" ind1=" " ind2=" ">
    <subfield code="2">rdacontent</subfield>
    <subfield code="a">texto</subfield>
  </datafield>
  <datafield tag="337" ind1=" " ind2=" ">
    <subfield code="2">rdamedia</subfield>
    <subfield code="a">sin mediaci&#xF3;n</subfield>
  </datafield>
  <datafield tag="338" ind1=" " ind2=" ">
    <subfield code="2">rdacarrier</subfield>
    <subfield code="a">volumen</subfield>
  </datafield>
  <datafield tag="520" ind1=" " ind2=" ">
    <subfield code="a">Con buena letra recoge todas las canciones de Joaqu&#xED;n Sabina, desde sus inicios hasta la actualidad. Leerlas es descifrar el catecismo de un vividor. Porque su autor ha sabido crear un personaje que a estas alturas es ya un aut&#xE9;ntico mito popular, ese calavera flaco e irreductible que encarna la diversi&#xF3;n, la nocturnidad, la poes&#xED;a de la calle, la pasi&#xF3;n sin contratos, la irreverencia, la sinceridad y la utop&#xED;a.
El lector se sorprender&#xE1; al reconocer en estas letras parte de su mundo, y a&#xFA;n m&#xE1;s al descubrir en las anotaciones manuscritas de Joaqu&#xED;n los nombres reales de los personajes de muchas de sus historias, los homenajes encubiertos a poetas y compositores, o la iron&#xED;a con que el autor salda cuentas con su propio pasado. Los dibujos de Joaqu&#xED;n Sabina y las ilustraciones que ambientan cada texto permiten disfrutar doblemente de su poes&#xED;a, una poes&#xED;a inteligente y emocionante como pocas.</subfield>
  </datafield>
  <datafield tag="650" ind1=" " ind2="4">
    <subfield code="9">10726</subfield>
    <subfield code="a">Canciones espa&#xF1;olas-</subfield>
    <subfield code="y">S.XX</subfield>
  </datafield>
  <datafield tag="700" ind1="1" ind2=" ">
    <subfield code="9">93605</subfield>
    <subfield code="a">Prado, Benjam&#xED;n</subfield>
    <subfield code="e">aui</subfield>
  </datafield>
  <datafield tag="852" ind1=" " ind2=" ">
    <subfield code="a">ES-MaACL</subfield>
    <subfield code="c">DEPOJ</subfield>
    <subfield code="j">N-9936</subfield>
    <subfield code="h">Donaci&#xF3;n: Jos&#xE9; L&#xE1;zaro Garc&#xED;a</subfield>
    <subfield code="x">Encuadernaci&#xF3;n carton&#xE9;</subfield>
    <subfield code="9">205857</subfield>
  </datafield>
  <datafield tag="903" ind1=" " ind2=" ">
    <subfield code="9">234219</subfield>
    <subfield code="a">L&#xE1;zaro Garc&#xED;a, Jos&#xE9;</subfield>
    <subfield code="e">dnr</subfield>
  </datafield>
  <datafield tag="942" ind1=" " ind2=" ">
    <subfield code="c">MONOGRAFIA</subfield>
    <subfield code="n">0</subfield>
  </datafield>
  <datafield tag="999" ind1=" " ind2=" ">
    <subfield code="c">194526</subfield>
    <subfield code="d">194526</subfield>
  </datafield>
  <datafield tag="952" ind1=" " ind2=" ">
    <subfield code="0">0</subfield>
    <subfield code="1">0</subfield>
    <subfield code="2">udc</subfield>
    <subfield code="4">0</subfield>
    <subfield code="7">0</subfield>
    <subfield code="a">ATENEOM</subfield>
    <subfield code="b">ATENEOM</subfield>
    <subfield code="c">DEPOJ</subfield>
    <subfield code="d">2025-05-27</subfield>
    <subfield code="e">DONACION</subfield>
    <subfield code="l">0</subfield>
    <subfield code="o">N-9936</subfield>
    <subfield code="p">101230194</subfield>
    <subfield code="r">2025-05-27 00:00:00</subfield>
    <subfield code="w">2025-05-27</subfield>
    <subfield code="y">MONOGRAFIA</subfield>
  </datafield>
</record>
